Differential equations with boundary-value problems / (Record no. 95387)

000 -LEADER
fixed length control field 04796nam a22003017a 4500
005 - DATE AND TIME OF LATEST TRANSACTION
control field 20260421102601.0
008 - FIXED-LENGTH DATA ELEMENTS--GENERAL INFORMATION
fixed length control field 260421s2024 maua 000 0 eng
020 ## - INTERNATIONAL STANDARD BOOK NUMBER
International Standard Book Number 9798214031958
041 ## - LANGUAGE CODE
Language code of text/sound track or separate title eng
050 00 - LIBRARY OF CONGRESS CALL NUMBER
Classification number QA371
Item number .Z55 2024
082 00 - DEWEY DECIMAL CLASSIFICATION NUMBER
Classification number 515.35
Edition number 23
100 1# - MAIN ENTRY--PERSONAL NAME
Preferred name for the person Zill, Dennis G.,
Dates associated with a name 1940-
Relator term author.
245 10 - TITLE STATEMENT
Title Differential equations with boundary-value problems /
Statement of responsibility, etc Dennis G. Zill, Loyola Marymount University.
250 ## - EDITION STATEMENT
Edition statement Tenth edition.
250 ## - EDITION STATEMENT
Edition statement Metric version /
Remainder of edition statement prepared by Aly El-Iraki
264 #1 - PUBLICATION, DISTRIBUTION, ETC. (IMPRINT)
Place of publication, distribution, etc Boston, MA :
Name of publisher, distributor, etc Cengage Learning,
Date of publication, distribution, etc [2024]
264 #4 - PUBLICATION, DISTRIBUTION, ETC. (IMPRINT)
Date of publication, distribution, etc ©2024.
300 ## - PHYSICAL DESCRIPTION
Extent x, 583, 77. pages :
Other physical details illustrations (some color) ;
Dimensions 29 cm
336 ## - CONTENT TYPE
Content type term text
Content type code txt
Source rdacontent
337 ## - MEDIA TYPE
Media type term unmediated
Media type code n
Source rdamedia
338 ## - CARRIER TYPE
Carrier type term volume
Carrier type code nc
Source rdacarrier
500 ## - GENERAL NOTE
General note Includes index.
545 0# - BIOGRAPHICAL OR HISTORICAL DATA
Biographical or historical note Dennis G. Zill<br/>Dennis Zill received a PhD in Applied Mathematics from Iowa State University, and is a former professor of Mathematics at Loyola Marymount University in Los Angeles, Loras College in Iowa, and California Polytechnic State University. He is also the former chair of the Mathematics department at Loyola Marymount University, where he currently holds a rank as Professor Emeritus of Mathematics. Zill holds interests in astronomy, modern literature, music, golf, and good wine, while his research interests include Special Functions, Differential Equations, Integral Transformations, and Complex Analysis.
650 #0 - SUBJECT ADDED ENTRY--TOPICAL TERM
Topical term or geographic name as entry element Differential equations
Form subdivision Textbooks.
650 #0 - SUBJECT ADDED ENTRY--TOPICAL TERM
Topical term or geographic name as entry element Boundary value problems
Form subdivision Textbooks.
942 ## - ADDED ENTRY ELEMENTS
Source of classification or shelving scheme
Item type BOOK
Holdings
Withdrawn status Lost status Source of classification or shelving scheme Damaged status Not for loan Permanent Location Current Location Shelving location Date acquired Source of acquisition Cost, normal purchase price Inventory number Full call number Barcode Date last seen Price effective from Item type
          COLLEGE LIBRARY COLLEGE LIBRARY SUBJECT REFERENCE 2026-02-23 ALBASA 8910.00 55884 515.35 Z651 2024 CITU-CL-55884 2026-04-21 2026-04-21 BOOK